Fundamentals of C / (Record no. 38799)

MARC details
000 -LEADER
fixed length control field 00850nam a22002417a 4500
005 - DATE AND TIME OF LATEST TRANSACTION
control field 20100802163516.0
010 ## - LCCN (DPL NO)
LC control number ENG-97803
020 ## - INTERNATIONAL STANDARD BOOK NUMBER
International Standard Book Number 8190822977
Terms of availability 125.00
020 ## - INTERNATIONAL STANDARD BOOK NUMBER
International Standard Book Number 9788190822978
Terms of availability 125.00
035 ## - SYSTEM CONTROL NUMBER
System control number EN-81336
037 ## - SOURCE OF ACQUISITION
Source of stock number/acquisition DBAD/PUB
082 ## - DEWEY DECIMAL CLASSIFICATION NUMBER
Classification number 005.13
100 ## - MAIN ENTRY--PERSONAL NAME
Personal name Thamilselvi, S.
245 ## - TITLE STATEMENT
Title Fundamentals of C /
Statement of responsibility, etc by S. Thamilselvi
260 ## - PUBLICATION, DISTRIBUTION, ETC. (IMPRINT)
Place of publication, distribution, etc Coimbatore
Name of publisher, distributor, etc IRIS Publications
Date of publication, distribution, etc 2009
270 ## - ADDRESS
Address 23 AKG Nagar 3rd Street Uppilipalayam Post
City Coimbatore
Postal code 641015
300 ## - PHYSICAL DESCRIPTION
Extent vi, 118p.
Dimensions 25cm (pbk)
500 ## - GENERAL NOTE
General note includes index
650 ## - SUBJECT ADDED ENTRY--TOPICAL TERM
Topical term or geographic name as entry element Computer Program Language
650 ## - SUBJECT ADDED ENTRY--TOPICAL TERM
Topical term or geographic name as entry element Object oriented programming
942 ## - ADDED ENTRY ELEMENTS (KOHA)
Source of classification or shelving scheme Dewey Decimal Classification
Item type English Books
Classification part 005.13
Call number suffix THA
Holdings
Withdrawn status Lost status Not for loan Collection code Home library Current library Date acquired Source of acquisition Cost, normal purchase price Full call number Barcode Copy number Cost, replacement price Koha item type
    Not For Loan Non-fiction D.B.Act.Division D.B.Act.Division 02/08/2010 DBAD/PUB 125.00 005.13 THA EN-81336 1 125.00 English Books

© Delhi Public Library
Hit Counter
free hit counter